Statistics for Who is the...? NBA edition(KOT4Q)

Click here to take the quiz!

General Stats

  • This quiz has been taken 9 times
  • The average score is 21 of 45

Answer Stats

Who is the...Answer% Correct
silhouette of the NBA logo?Jerry West
78%
first foreign born player to win MVPHakeem Olajuwon
78%
first person to be named Finals MVP as a rookie? | total playoffs assists leader?Magic Johnson
78%
record holder for most points in a playoff game?Michael Jordan
67%
all time leader in career personal fouls?Kareem Abdul-Jabbar
67%
player to record the most triple-doubles in a season?Russell Westbrook
67%
highest offensive rebounds per game leader in a season?Moses Malone
67%
turnovers in a season leader?James Harden
67%
player with the most career playoff blocks?Tim Duncan
67%
consecutive 30-point games leader? | player to record a "double triple double" of 25 points, 22 rebounds, and 21 assists?Wilt Chamberlain
67%
career triple doubles leader?Oscar Robertson
67%
leader for most missed field goals in a game?Kobe Bryant
67%
player that recorded the most technical fouls in a season?Rasheed Wallace
67%
leader for defensive blocks plus/minus in a career?Ben Wallace
67%
coach to have the most championships?Phil Jackson
67%
leader for most turnovers in a game?Jason Kidd
56%
leader in blocks in the NBA Finals?Bill Russell
56%
most consecutive games with a 3-pointer record holder?Stephen Curry
56%
rookie with most consecutive 40-point games? | single game leader for steals in a playoff game?Allen Iverson
56%
player to average the most blocks per game in a season?Mark Eaton
56%
leader in VORP(Value Over Replacement Player) in a career?Lebron James
56%
leader in FTA(Free Throw Attempts) in a season?Shaquille O'Neal
44%
most consecutive games played leader?A.C. Green
44%
leader in total rebounding percentage in a single season?Dennis Rodman
44%
playoff leader in steals per game?Baron Davis
44%
all-time leader in games played in a career?Robert Parish
44%
leader in free throw attempts in a single NBA Finals series?Elgin Baylor
33%
blocks in a game record holder?Elmore Smith
33%
leader in assists in a game?Scott Skiles
33%
leader in PPG in the Finals?Rick Barry
33%
best NBA YouTuber in the world?KOT4Q
33%
first player to make a 3-pointer?Chris Ford
22%
leader in free throw percentage for a season?Jose Calderon
22%
leader for most free throws shot in a game?Adrian Dantley
11%
leader in defensive rebounds in a game in the playoffs?Kevin Garnett
11%
minutes played in a game leader with 69?Dale Ellis
11%
youngest player in history to record a triple double?Markelle Fultz
11%
player who played the most games in a regular season in NBA history with 88?Walt Bellamy
11%
leader for minutes per game in the playoffs?Jerry Lucas
0%
leader for the most steals in a game?Kendall Gill
0%
player who holds the record for most offensive rebounds in a game?Zaza Pachulia
0%
player with the most personal fouls in a game with 8?Don Otten
0%

Score Distribution

Percentile by Number Answered

Percent of People with Each Score

Your Score History

You have not taken this quiz